Academic Research, Publishing and Writing Critical Thinking and Strategies for Business Scholars

Gespeichert in:
Bibliographische Detailangaben
1. Verfasser: Dumay, John
Format: Buch
Sprache:Englisch
Veröffentlicht: Leeds Emerald Publishing 2024
Ausgabe:1st Edition
Schlagworte:
Tags: Tag hinzufügen
Keine Tags, Fügen Sie das erste Tag hinzu!

MARC

LEADER 00000nam a2200000 4500
001 0311669
005 20250819110851.1
020 |a 978-1-80071-288-1 
041 0 |a eng 
044 |a GB 
245 1 0 |a Academic Research, Publishing and Writing  |b Critical Thinking and Strategies for Business Scholars  |c by John Dumay 
250 |a 1st Edition 
264 1 |a Leeds  |b Emerald Publishing  |c 2024 
300 |a 141 s. 
500 |a Emerald e-books. 
610 2 0 |a výskum vedecký 
610 2 0 |a vzdelávanie vysokoškolské 
610 2 0 |a myslenie kritické 
610 2 0 |a projekty 
610 2 0 |a prezentácia 
100 1 |a Dumay, John